Droit commercial

Saved in:
Bibliografiske detaljer
Main Authors: Houin, Roger (Author), Rodière, René (Author)
Format: Bog
Sprog:fransk
Udgivet: París Sirey 1965
Udgivelse:2a. ed
Serier:Cours Elémentaire de Droit
Fag:
Tags: Tilføj Tag
Ingen Tags, Vær først til at tagge denne postø!

MARC

LEADER 00000nam a2200000 a 4500
001 UCS1857
003 CL-VaPUC
008 970515e19650000FR |||||||||||||||||fre|d
082 0 4 |a 346.07  |b HOU  |2 21 
100 |a Houin, Roger  |e author  |9 386707 
700 0 |a Rodière, René  |e author  |9 386708 
245 1 0 |a Droit commercial 
250 |a 2a. ed 
300 |a 297 p 
942 |c BK 
945 |d 19970515 00:00:00  |a paguirre 
260 |a París  |b Sirey  |c 1965 
650 0 |a Derecho comercial   |9 256340 
650 0 |a Comerciantes  |9 267878 
650 0 |a Obligaciones   |9 255578 
650 0 |a Comercio  |9 255341 
650 0 |a Sociedades  |9 259052 
650 0 |a Sociedades anónimas  |9 255387 
650 7 |a LETRA DE CAMBIO  |2 CL-VaPUC  |9 257958 
650 0 |a Cheque  |9 257249 
650 0 |a Contratos  |9 255153 
583 |a last modification  |c 19970515 00:00:00  |k Rodrigo Vera 
490 0 |a Cours Elémentaire de Droit 
999 |c 259889  |d 259887 
952 |0 0  |1 0  |4 0  |6 346_070000000000000_HOU_1965  |7 0  |8 A  |9 285393  |a BIBDER  |b BIBDER  |d 2019-11-19  |i 1855050  |o 346.07 HOU 1965  |p 1855050  |r 2023-01-25  |w 2019-11-19  |y BK  |k DER